Radiative Transfer and Applications to Very Large Telescopes (Record no. 20612)

MARC details
000 -LEADER
fixed length control field 00639nam a2200193Ia 4500
003 - CONTROL NUMBER IDENTIFIER
control field IN-BaIIA
008 - FIXED-LENGTH DATA ELEMENTS--GENERAL INFORMATION
fixed length control field 211028s9999 xx s 000 0 eng d
020 ## - INTERNATIONAL STANDARD BOOK NUMBER
International Standard Book Number 2-86883-901-0 (Online)
022 ## - INTERNATIONAL STANDARD SERIAL NUMBER
International Standard Serial Number 1633-4760 (Print)
022 ## - INTERNATIONAL STANDARD SERIAL NUMBER
International Standard Serial Number 1638-1963 (Online)
040 ## - CATALOGING SOURCE
Transcribing agency IIA Library
100 ## - MAIN ENTRY--PERSONAL NAME
Personal name Stee, Ph., ed.
9 (RLIN) 38151
245 #0 - TITLE STATEMENT
Title Radiative Transfer and Applications to Very Large Telescopes
Medium [eBook]
260 ## - PUBLICATION, DISTRIBUTION, ETC.
Place of publication, distribution, etc. France
Name of publisher, distributor, etc. EDP Sciences
Date of publication, distribution, etc. 2006
300 ## - PHYSICAL DESCRIPTION
Extent iii, 305p.
490 ## - SERIES STATEMENT
Series statement EAS Publications Series
856 ## - ELECTRONIC LOCATION AND ACCESS
Uniform Resource Identifier <a href="https://www.eas-journal.org/articles/eas/abs/2006/01/contents/contents.html">https://www.eas-journal.org/articles/eas/abs/2006/01/contents/contents.html</a>
Link text Click Here to Access eBook
942 ## - ADDED ENTRY ELEMENTS (KOHA)
Koha item type eBooks
Holdings
Withdrawn status Lost status Damaged status Not for loan Home library Current library Date acquired Source of acquisition Serial Enumeration / chronology Total Checkouts Barcode Date last seen Uniform Resource Identifier Price effective from Koha item type
        IIA Library-Bangalore IIA Library-Bangalore 01/01/2013 EDP Sciences V. 18   EB72 05/11/2021 https://www.eas-journal.org/articles/eas/abs/2006/01/contents/contents.html 05/11/2021 eBooks

Powered by Koha